Os sete e os seus rivais (Registo nº 4040)

Detalhes MARC
000 -Etiqueta do registo
Cabeçalho 00670nam0a2200229 4500
005 - Identificador da versão
Campo de controlo 20240903104323.0
010 ## - Número internacional normalizado dos livros (ISBN)
Número (ISBN) 9726119103
100 ## - Dados gerais de processamento
Dados gerais de processamento 20161124d2003 d y0pory5003 ba
101 1# - Língua de publicação
Língua do texto, banda sonora, etc. Português
Língua do documento no original Inglês
102 ## - Pais de publicação ou produção
País de publicação Portugal
200 1# - Titulo e menção de responsabilidade
Título próprio Os sete e os seus rivais
Primeira menção de responsabilidade Enid Blyton
Outras menções de responsabilidade trad. Jorge Pinheiro
210 ## - Publicação, Distribuição, etc. 
Lugar da edição, distribuição, etc. Paço de Arcos
Nome do editor, distribuidor, etc. Edimpresa
Data da publicação, distribuição, etc. [2003?]
Data da impressão imp. 2003
215 ## - Descrição física 
Indicação específica da natureza do documento e extensão da espécie 128 p.
Outras indicações físicas il
225 1# - Colecção 
Título próprio da colecção O clube dos sete
Indicação de volume 5
606 ## - Nome comum usado como assunto
Número de registo de entrada de autoridade 0001536
Palavra de ordem Literatura inglesa
Subdivisão de assunto Romances de aventuras
Código do sistema CA
675 ## - Classificação Decimal Universal (CDU)
Notação 821.111-311.3
Edição 3ª ed.
Língua da edição por
700 #1 - Nome de autor-pessoa física (responsabilidade principal)
Número de registo de entrada de autoridade 0000883
Palavra de ordem Blyton
Outra parte do nome não tomada para palavra de ordem Enid
Datas 1897-1968
702 #1 - Nome de autor-pessoa física (responsabilidade secundária)
Número de registo de entrada de autoridade 0000533
Palavra de ordem Pinheiro
Outra parte do nome não tomada para palavra de ordem Jorge
Código de função Tradutor
942 ## - Elementos de entrada adicionados (Koha)
Tipo de item no Koha Livro
966 ## - Identificação da Biblioteca
Sigla EBVEN
Exemplares
Situação do levantamento Origin of item (home branch) (coded) Biblioteca de empréstimo Código de barras Cota Circulation type (not for loan) Tipo de documento Nota do exemplar Damaged status
  Biblioteca Escolar das Vendas Biblioteca Escolar das Vendas BEV1821 8EST BLY   Livro Sem mensagem